Estadísticas para Países más cercanos a Armenia

Haz click aquí para intentar la prueba.

Estadísticas generales

  • Esta prueba ha sido intentada 21 veces
  • La puntuación promedio es 17 de 20

Estadísticas de respuestas

kmpaís% Correcto
0Azerbaiyán
100%
222Irak
100%
0Irán
100%
110Rusia
100%
0Georgia
95%
887Jordania
95%
335Siria
95%
0Türkiye
95%
1047Israel
90%
821Uzbekistán
90%
1248Bulgaria
86%
533Kazajistán
86%
881Líbano
86%
785Ucrania
86%
925Arabia Saudita
81%
935Chipre
81%
1202Rumania
81%
529Turkmenistán
81%
980Kuwait
76%
1161Palestina
38%

Distribución de puntuación

Porcentaje por número respondido

Porcentaje de gente con cada puntuación

Historial de tus puntuaciones

No has intentado esta prueba.